000 00521nam a2200181Ia 4500
005 20250508152058.0
008 008 250505s9999 xx 000 0 eng d
037 _aTextual
040 _aFEDL
_beng
_cFEDL
041 _aeng
_2eng
084 _a375, HUR
_qFEDL
100 _aHurley Beatrice Davis
_9759418
245 0 _aCurriculum for elementary school children
260 _aNew York, USA
_bThe Ronald Press Company
_c1957
300 _axii,407p
942 _cTEXL
_h375, HUR
999 _c1334120
_d1334120